Score 0/40 Timer 04:00
0 Plays Today
HINT 3-LETTER WORD % Correct
❢ Picnic pest ❢❢ ANT ❢
92.9%
Guy, bloke, or dudeMAN
84.8%
Charged atomION
84.7%
Elvis Costello's is trueAIM
84.6%
❢ Black or bow follower ❢❢ TIE ❢
84.4%
Noah's DIY projectARK
83.9%
❢ Gandalf portrayer McKellen ❢❢ IAN ❢
83.8%
Sleeve fillerARM
83.2%
AtmosphereAIR
82.8%
Bask in the UVTAN
82.2%
Little Miss Muffet did thisSAT
81.5%
Needled treeFIR
80%
Dorsal or pectoral ___FIN
79.7%
Science workshopLAB
78.6%
❢ Actress Taylor ❢❢ LIZ ❢
78.5%
Cigar traceASH
78.3%
Go ___ AliceASK
77.2%
❢ AMC's Mad ___❢ MEN ❢
76.2%
'Women's ___'LIB
73.2%
Rickles, Adams, or CorneliusDON
72.2%
HINT 3-LETTER WORD % Correct
Squeam- or Sheep- suffixISH
72.1%
❢ New York time zone, at times ❢❢ EST ❢
72.1%
Blemish the surfaceMAR
71.1%
❢ La Brea pit stuff ❢❢ TAR ❢
70.8%
Rapper ___ KhalifaWIZ
69.9%
CacaphonyDIN
69%
❢ Diet soda ❢❢ TAB ❢
67.3%
Buy the farm?DIE
66.8%
❢ To insult, slangily ❢❢ DIS ❢
65.1%
Make laceTAT
64.4%
The Concorde, e,g,SST
61.8%
'___ one for the gipper.'WIN
60.3%
MS-___DOS
53.2%
Middle Earth talking treeENT
52.6%
Harmless cystWEN
52.2%
Chickadee relativeTIT
51.2%
River isleAIT
50.6%
❢ Doctrine or theory, perhaps ❢❢ ISM ❢
50.4%
Canon camera lineEOS
39.3%
Typography measuresENS
37.2%

Today's Daily Dose

Missing Word
'T' Pairs

Word Ladder
Game Pieces

Get the Picture
Baseball Movies

Remove Ads.
Support Sporcle.
Get the best of Sporcle when you Go Orange. This ad-free experience offers more features, more stats, and more fun while also helping to support Sporcle. Thank you for becoming a member.

You're not logged in!

Compare scores with friends on all Sporcle quizzes.
OR
Log In

Show Comments

Extras

Top Quizzes Today


Score Distribution

Your Account Isn't Verified!

In order to create a playlist on Sporcle, you need to verify the email address you used during registration. Go to your Sporcle Settings to finish the process.

Report this User

Report this user for behavior that violates our Community Guidelines.

Details: